|
|
|
|
| LEADER |
00000nab a2200000 ar4500 |
| 001 |
vtls008944076 |
| 003 |
SK-MaSNL |
| 005 |
20260303070930.0 |
| 008 |
070208c20070113xo dr|p|||||||000 b|slo |
| 015 |
|
|
|a SNBRB2007/02
|2 snkbucl
|
| 040 |
|
|
|a SNKBUCL
|b slo
|c SNKBUCL
|e AACR2
|
| 041 |
0 |
|
|a slo
|
| 044 |
|
|
|a xo
|c SK
|
| 080 |
|
|
|a 792.021.071.1
|2 2001
|
| 080 |
|
|
|a 792.024.071.1
|2 2001
|
| 080 |
|
|
|a 929 Čorba, Milan
|2 2001
|
| 100 |
1 |
|
|a Šujanová, Zuzana
|4 ivr
|4 aut
|9 305456
|
| 245 |
1 |
0 |
|a Proletársky imidž mi určite chýbal
|c Zuzana Šujanová, Milan Čorba
|
| 300 |
|
|
|b Fotogr.
|
| 600 |
1 |
7 |
|a Čorba, Milan,
|d 1940-2013
|2 snkbucl
|9 240295
|
| 700 |
1 |
|
|a Čorba, Milan,
|d 1940-2013
|4 ive
|4 aut
|9 240295
|
| 773 |
0 |
|
|t Sme
|g Roč. 16, č. 10 (13.1.2007)
|x 1335-440X
|
| 773 |
0 |
8 |
|i Príl.:
|t Víkend
|g Roč. IX, č. 1 (2007), s. [25] a 27
|
| 852 |
|
|
|a SNK
|b KIS3GCP
|
| 958 |
|
|
|a SK
|
| 958 |
|
|
|a BX
|
| 999 |
|
|
|c 1757582
|d 1759512
|